| 000 | 00927nam a2200313Ia 4500 | ||
|---|---|---|---|
| 003 | OSt | ||
| 005 | 20221006143658.0 | ||
| 006 | a|||||r|||| 00| 0 | ||
| 007 | ta | ||
| 008 | 221006b |||||||| |||| 00| 0 eng d | ||
| 020 |
_a893245082X _c _19.00 |
||
| 020 | _a9788932450827 | ||
| 024 | _a9,630 | ||
| 037 |
_bGift, Korea Foundation _cTextual |
||
| 040 |
_aEASL _cEASL _beng |
||
| 041 |
_2eng _aeng |
||
| 082 | _aV495, L0 | ||
| 100 |
_aHAN Woo-Keun Au. _9650221 |
||
| 245 | 0 | _aHistory of Korea | |
| 260 |
_aSeoul _bEul-Yoo Publishing Company Korea _c1970 |
||
| 300 |
_a551p. _ccm. |
||
| 490 | _v KEL | ||
| 650 | _a KEL | ||
| 650 |
_aAncient history - Korea _9650222 |
||
| 700 |
_a LEE Kyung-shik Tr. _9647098 |
||
| 700 |
_a MINTZ Grafton K Ed. _9647099 |
||
| 942 |
_hV495, L0 _cTEXL _2CC |
||
| 999 |
_c1077716 _d1077716 |
||